Normal view
MARC view
- الزواج- حقوق الزوجة
Entry Topical Term
001 - CONTROL NUMBER
- control field: 48477
003 - CONTROL NUMBER IDENTIFIER
- control field: JO-AjAnu
005 - DATE AND TIME OF LATEST TRANSACTION
- control field: 20230606082008.0
008 - FIXED-LENGTH DATA ELEMENTS
- fixed length control field: 230606|| aca||aabn | a|a d
040 ## - CATALOGING SOURCE
- Original cataloging agency: JO-AjAnu
- Transcribing agency: JO-AjAnu
150 ## - HEADING--TOPICAL TERM
- Topical term or geographic name entry element: الزواج- حقوق الزوجة
670 ## - SOURCE DATA FOUND
- Source citation: Work cat.: (JO-AjAnu)24800: العبيدي، ابراهيم عبد اللطيف, author 48476, كيفية التعامل مع المتطلبات المالية للزوجة